000 00441nam a2200169Ia 4500
008 240729s9999 xx 000 0 und d
022 _a2949-7116
245 0 _aJournal of Pediatric Surgery Open
260 _aUnited States
260 _bElsevier
650 _a Pediatrics | Medicine
650 _a Surgery
650 _aMedicine
856 _uhttps://doaj.org/toc/7457b7bcfae34510abe9683ceb26302f
942 _2ddc
942 _cDOAJEJ
999 _c69465
_d69465
945 _a1
_bMadushi Gamage
_c1
_dMadushi Gamage